Normal view MARC view
  • Gatos

Entry Materia

Number of records used in: 25

001 - NÚMERO DE CONTROL DEL REGISTRO

  • campo de control: 11010

003 - IDENTIFICADOR DE NUMERO DE CONTROL

  • campo de control: MX-MxUPN

005 - FECHA Y HORA DE LA ÚLTIMA TRANSACCIÓN

  • campo de control: 20260326153545.0

008 - DATOS DE LONGITUD FIJA

  • campo de control de longitud fija: 260326nn fcnnnbabb b ana |d

035 ## - NÚMERO DE CONTROL DEL SISTEMA

  • Número de control del sistema: UPN10000011017

040 ## - FUENTE DE LA CATALOGACIÓN

  • Centro catalogador de origen: MX-MxUPN
  • Lengua de catalogación: spa

150 ## - ENCABEZAMIENTO - TEMÁTICO

  • Término de materia o nombre geográfico como elemento inicial: Gatos
  • Subdivisión de forma: Cuentos y leyendas

670 ## - FUENTE EN LA QUE SE LOCALIZARON DATOS

  • Cita de la fuente: Escamilla Gonzáles G. Lista de encabezamientos de materia, 1978 :
  • Información localizada: página 293 (Elefantes -- Cuentos y leyendas)

902 ## - CATALOGADOR

  • Catalogador: MITM/051108
  • Catalogador: VíctorGodínez/260326